000 00328nam a2200133Ia 4500
008 220217s9999||||xx |||||||||||||| ||und||
020 _a9383053267
082 _a894.8143 SAY
100 _aSayisuthe
245 0 _aSapthadhare
260 _aBangalore
_bSudha publication
_c2015
300 _a237p.
_b165
650 _aGENERAL BOOKS
999 _c164776
_d164776